15 największych państw na Świecie - nagła śmierć - Statystyki

Ogólne statystyki
  • Ten quiz został rozwiązany 105 razy
  • Średni wynik to 9 z 15
Answers on the Grid
Answers color-coded by a green-red scale on the quiz's grid according to % correct below.
Algieria
Angola
Arabia Saudyjska
Argentyna
Australia
Brazylia
Chiny
Czad
Dem. Rep. Konga
Egipt
Indie
Indonezja
Iran
Kanada
Kazachstan
Libia
Mali
Meksyk
Mongolia
Peru
Polska
Rosja
Sudan
USA
 
Statystyki odpowiedzi
Odpowiedź % Poprawnych
USA
87%
Rosja
84%
Brazylia
80%
Chiny
80%
Kanada
77%
Indie
69%
Australia
67%
Kazachstan
67%
Dem. Rep. Konga
59%
Algieria
51%
Indonezja
50%
Meksyk
49%
Argentyna
41%
Arabia Saudyjska
40%
Sudan
10%
Nie znaleziono quizów pasujących do podanych kryteriów
Rozkład punktacji
Procent ludzi z każdym wynikiem
Percentyl według liczby udzielonych odpowiedzi
Twoja historia wyników
Nie rozwiązałeś tego quizu